| 000 | 00771nam a2200253Ia 4500 | ||
|---|---|---|---|
| 003 | OSt | ||
| 005 | 20221002050843.0 | ||
| 006 | a|||||r|||| 00| 0 | ||
| 007 | ta | ||
| 008 | 220930b |||||||| |||| 00| 0 eng d | ||
| 024 | _a21011 | ||
| 037 | _cReference Collections | ||
| 040 |
_aCRL _cCRL _beng |
||
| 041 |
_2eng _aeng |
||
| 082 | _aV1:19(zG)k1,N9, N6 (R R) | ||
| 100 |
_aLevis Paul K _9571783 |
||
| 245 | 0 | _aEncyclopedia of invasions and conquests from ancient times to the present | |
| 260 |
_aSanta _bBarbara ABC Clio _c1996 |
||
| 300 |
_a441p _ccm. |
||
| 650 | _a HISTORY | ||
| 650 |
_aAGGRESSIVENESS (PSYCHOLOGY) _9571784 |
||
| 942 |
_hV1:19(zG)k1,N9, N6 (R R) _cref _2CC |
||
| 999 |
_c915474 _d915474 |
||